Loading...
| Fine Arts - Classical Music | 5 | 10.00 | 3,240% | 0% | 540% |
| Fine Arts - Other | 1 | 20.00 | 8,100% | 0% | 900% |
| Fine Arts - Painting & Sculpture | 3 | 10.00 | 4,833% | 0% | 267% |
| History - American | 2 | 10.00 | 0% | 450% | 400% |
| History - European | 2 | 5.00 | 0% | 0% | 450% |
| History - Other | 4 | 7.50 | 1,225% | 175% | 200% |
| History - World | 4 | 7.50 | 2,025% | 175% | 200% |
| Literature - American | 3 | 6.67 | 2,700% | 0% | 267% |
| Literature - British | 5 | 16.00 | 3,540% | 480% | 320% |
| Literature - European | 2 | 15.00 | 3,200% | 350% | 400% |
| Literature - World | 2 | 15.00 | 4,050% | 450% | 450% |
| Mythology | 4 | 12.50 | 5,225% | 0% | 400% |
| Other | 5 | 14.00 | 6,140% | 360% | 180% |
| Philosophy | 1 | 0.00 | 0% | 0% | 0% |
| Religion | 5 | 14.00 | 0% | 660% | 460% |
| Science - Biology | 5 | 10.00 | 2,600% | 160% | 340% |
| Science - Chemistry | 3 | 13.33 | 2,700% | 0% | 800% |
| Science - Other | 3 | 3.33 | 0% | 0% | 300% |
| Science - Physics | 6 | 11.67 | 4,300% | 283% | 133% |
| Social Science | 4 | 12.50 | 4,050% | 200% | 375% |